|
|
|
|
| LEADER |
00000cam a2200000 a 4500 |
| 001 |
vtls008290340 |
| 003 |
SK-MaSNL |
| 005 |
20260302074118.0 |
| 008 |
240314s2003 xr a f 000 0 cze |
| 020 |
|
|
|a 8072152033
|q (brož.)
|
| 035 |
|
|
|a SVKPOKN101819
|
| 040 |
|
|
|a SNK
|b slo
|c SNK
|e AACR2
|
| 041 |
0 |
|
|a cze
|
| 043 |
|
|
|a et-----
|
| 044 |
|
|
|a xr
|c CZ
|
| 072 |
|
7 |
|a 78.03
|x Vývojové obdobia v dejinách hudby
|2 konspekt
|
| 080 |
|
|
|a 78.031.4
|2 2001
|
| 080 |
|
|
|a 781.7
|2 200178-028.82
|
| 080 |
|
|
|a (4-191.2)+(4-11)
|2 2001
|
| 080 |
|
|
|a (0.062)
|2 2001
|
| 100 |
1 |
|
|a Plocek, Jiří,
|d 1961-
|4 aut
|9 107595
|
| 245 |
1 |
0 |
|a Hudba středovýchodní Evropy
|c Jiří Plocek
|
| 250 |
|
|
|a 1. vyd.
|
| 260 |
|
|
|a Praha
|b Torst
|c 2003
|
| 300 |
|
|
|a 125 s.
|b fotogr., ilustr., mp., noty
|c 20 cm
|
| 490 |
1 |
|
|a Světem lidové hudby a world music
|
| 650 |
0 |
7 |
|a ľudová hudba
|2 SNKPH
|9 3183
|
| 650 |
0 |
7 |
|a Folk music
|2 SNKPHeng
|9 90462
|
| 651 |
|
7 |
|a Európa stredná
|2 SNKPH
|9 23970
|
| 651 |
|
7 |
|a Europe
|2 SNKPHeng
|9 56249
|
| 655 |
|
7 |
|a populárno-náučné publikácie
|2 SNKPH
|9 70460
|
| 655 |
|
7 |
|a Popular works
|2 SNKPHeng
|9 90287
|
| 830 |
|
0 |
|a Světem lidové hudby a world music
|9 739337
|
| 919 |
|
|
|a 80-7215-203-3
|
| 999 |
|
|
|c 1163734
|d 1165664
|
| 952 |
|
|
|a SNK
|b SNK
|y PREZ
|7 0
|p 17A0509801
|o snkSD 76613
|i snk2007/21875
|8 3
|g 7.90
|0 0
|1 0
|4 0
|d 2007-10-09
|l 0
|r 2025-11-25 00:00:00
|w 2026-02-24
|
| 952 |
|
|
|t snkPLO 398.8
|a SNKUST
|b SNKUST
|y PREZ
|7 0
|p 17A0510686
|o snkSD 76613 D1
|i snk2007/14878
|8 3
|g 7.90
|0 0
|1 0
|4 0
|d 2007-06-08
|l 0
|r 2025-03-19 00:00:00
|w 2026-02-24
|